| 000 | 01989nam a2200313Ia 4500 | ||
|---|---|---|---|
| 999 |
_c55604 _d55604 |
||
| 001 | 22699 | ||
| 003 | GE_BSU | ||
| 005 | 20230421163202.0 | ||
| 008 | 181216s ||||ge |||||||||||||| ||geo|| | ||
| 020 | _a9789941085383 | ||
| 040 | _cGE_BSU | ||
| 041 | _ageo | ||
| 080 | _a368 ც-44 | ||
| 100 |
_aცერცვაძე, არჩილ _917735 |
||
| 245 |
_aსადაზღვეო საქმე / _cარჩილ ცერცვაძე, გიორგი ხანთაძე, დავით ვეკუა ; მეცნიერ-რედაქტორები : სოლომონ პავლიაშვილი, დავით ჯანგულაშვილი. |
||
| 264 |
_aთბილისი : _bდანი, _c2016. |
||
| 300 |
_a486 გვ. ; _c20 სმ. |
||
| 500 | _aნაშრომი მკითხველს აძლევს საშუალებას გაერკვეს რისკის კონცეფციაში,გაეცნოს დაზღვევის წარმოშობასა და განვითარებას,შეისწავლოს დაზღვევის არსი,სახეები,ფორმები,ფუნქციები და პრინციპები | ||
| 500 | _aთავფურცელი და მე-7 გვ. ინგლურ ენაზე | ||
| 504 | _aბიბლიოგრ. : გვ. 477-485 | ||
| 541 | _h15ლ. | ||
| 653 | _aდაზღვევა | ||
| 653 | _aსადაზღვეო საქმე | ||
| 700 |
_aხანთაძე, გიორგი _eავტორი _917736 |
||
| 700 |
_aვეკუა, დავით _eავტორი _917737 |
||
| 700 |
_aპავლიაშვილი, სოლომონ _eრედაქტორი _917738 |
||
| 700 |
_aჯანგულაშვილი, დავით _eრედაქტორი _917739 |
||
| 942 |
_cBK _2udc |
||